000 00892cab a2200253 4500
001 ABS55547
008 090401t1996 xxu||||| |||| 00| 0 eng d
035 _a(Sirsi) u17254
041 _aeng
100 _aSteel, M. S.
245 4 _aThe Agricultural Holdings (Scotland) Act 1991: is there a course for change?
260 _c1996
350 _a0
490 _aJournal of the Law Society of Scotland
_v41(7) July 1996, 249-251(3)
520 _aReviews the effect of security of tenure on the Scottish farming scene and offers some insight into developments in England.
650 _aAGRICULTURAL HOLDINGS (SCOTLAND) ACT 1991
650 _aPROPERTY-LANDLORD AND TENANT-TENANCIES-AGRICULTURAL TENANCIES
650 _aSCOTLAND
650 _aSCOTS LAW
650 _aSECURITY OF TENURE
690 _aLANDLORD AND TENANT-AGRICULTURAL TENANCIES
942 _n0
948 _c04/03/1997
999 _c11440
_d11440